Psychologie války : jak pochopit její tajemnost a šílenost /
Uložené v:
| Hlavný autor: | |
|---|---|
| Ďalší autori: | |
| Médium: | Kniha |
| Jazyk: | Czech English |
| Vydané: |
Praha :
BB/art,
2004
|
| Vydanie: | 1. vyd. v českém jaz. |
| Témy: | |
| ISBN: |
8073411784 (viaz.) |
| Fyzický popis: |
191 s. ; 21 cm |
| Tagy: |
Pridať tag
Žiadne tagy, Buďte prvý kto otaguje tento záznam!
|
Titul je dostupný aj v ... 

MARC
| LEADER | 00000nam a2200000 a 4500 | ||
|---|---|---|---|
| 001 | 000000709 | ||
| 005 | 20051103133042.0 | ||
| 008 | 040322s2004 xr e b 001 0 czeo | ||
| 020 | |a 8073411784 (viaz.) | ||
| 040 | |a SVKKK |b slo |c SVKKK |e AACR2 | ||
| 041 | 1 | |a cze |h eng | |
| 044 | |a xr |c CZ | ||
| 072 | 7 | |a 355/359 |x Vojenstvo. Obrana krajiny. Ozbrojené sily |2 konspekt | |
| 080 | |a 355.48 |2 1997 | ||
| 080 | |a 355.01 |2 1997 | ||
| 080 | |a 159.9:355 |2 1997 | ||
| 080 | |a (035) |2 1997 | ||
| 100 | 1 | |a Leshan, Lawrence |4 aut | |
| 240 | 1 | 0 | |a The psychology of war. |l Česky |
| 245 | 1 | 0 | |a Psychologie války : |b jak pochopit její tajemnost a šílenost / |c Lawrence Leshan ; přeložila Šárka Waisová |
| 250 | |a 1. vyd. v českém jaz. | ||
| 260 | |a Praha : |b BB/art, |c 2004 | ||
| 300 | |a 191 s. ; |c 21 cm | ||
| 504 | |a Register. Poznámky. Poznámky pod čiarou | ||
| 650 | 0 | 7 | |a vojny |2 SVKKKPH |
| 650 | 0 | 7 | |a ozbrojené konflikty |2 SVKKKPH |
| 650 | 0 | 7 | |a psychológia vojny |2 SVKKKPH |
| 655 | 7 | |a príručky |2 SVKKKPH | |
| 700 | 1 | |a Waisová, Šárka |4 trl | |
| 765 | 0 | |a Leshan, Lawrence |t The psychology of war | |
| 919 | |a 80-7341-178-4 | ||
| 998 | |a BK | ||
| 090 | |g SCKHL |k Sklad Pribinova prízemie |a IV.190335 |j 960148 |i 2720021717 |s Absenčne | ||